[Event "Haarlem Masters"]
[Site "Haarlem"]
[Date "2018.10.21"]
[Round "2"]
[White "Harff, Marcel"]
[Black "Riemersma, Liafbern"]
[Result "0-1"]
[WhiteElo "2420"]
[BlackElo "2460"]
[PlyCount "92"]
[EventDate "2018.10.20"]
[EventType "tourn"]
[EventRounds "9"]
[EventCountry "NED"]
[EventCategory "4"]
[SourceTitle "CBM 187 Extra"]
[Source "ChessBase"]
[SourceDate "2018.11.04"]
[SourceVersion "1"]
[SourceVersionDate "2018.11.04"]
[SourceQuality "1"]

1. c4 e5 2. Nc3 Nf6 3. Nf3 Nc6 4. e3 Bb4 5. Qc2 Bxc3 6. Qxc3 Qe7 7. d4 Ne4 8. Qd3 exd4 9. Nxd4 0-0 10. a3 Nc5 11. Qe2 Nxd4 12. exd4 Qxe2+ 13. Kxe2 Nb3 14. Rb1 d5 15. Be3 dxc4 16. Kf3 b5 17. Be2 Bb7+ 18. Kg3 Rad8 19. Rbd1 Rfe8 20. h4 a6 21. h5 h6 22. Rh4 Re4 23. Rf4 Rxf4 24. Kxf4 Bxg2 25. f3 Bh3 26. d5 Bc8 27. Kg3 Bb7 28. Bf4 Rxd5 29. Bxc7 Nd4 30. Kf2 Nxe2 31. Rxd5 Bxd5 32. Kxe2 f6 33. Ke3 Bf7 34. Kd4 Bxh5 35. f4 g5 36. fxg5 hxg5 37. Kc5 Kf7 38. Kb6 Be2 39. Bd6 f5 40. Bb4 f4 41. Kc5 Ke6 42. Kd4 Kf5 43. Kc3 g4 44. Kd2 Bd3 45. Bd6 g3 46. Ke1 Kg4 0-1

[Event "EU-Cup 34th"]
[Site "Porto Carras"]
[Date "2018.10.16"]
[Round "5.1"]
[White "Arnaudov, Petar G"]
[Black "Riemersma, Liafbern"]
[Result "1-0"]
[WhiteElo "2452"]
[BlackElo "2460"]
[PlyCount "87"]
[EventDate "2018.10.12"]
[EventType "team-swiss"]
[EventRounds "7"]
[EventCountry "GRE"]
[SourceTitle "CBM 187"]
[Source "ChessBase"]
[SourceDate "2018.12.11"]
[SourceVersion "1"]
[SourceVersionDate "2018.12.11"]
[SourceQuality "1"]
[WhiteTeam "Gambit Asseco See"]
[BlackTeam "BSG"]
[WhiteTeamCountry "MKD"]
[BlackTeamCountry "NED"]

1. d4 d5 2. Nf3 Nf6 3. c4 e6 4. g3 dxc4 5. Bg2 Nc6 6. 0-0 Rb8 7. e3 Be7 8. Qe2 b5 9. b3 cxb3 10. axb3 a6 11. Bd2 0-0 12. Rc1 Bb7 13. Ne1 Nb4 14. Bxb7 Rxb7 15. Bxb4 Bxb4 16. Rxa6 Qd5 17. Qc2 Bd6 18. Nd3 Rbb8 19. Nc3 Qf3 20. Qd1 Qxd1+ 21. Rxd1 Rfc8 22. Rc1 g6 23. f3 Kf8 24. Kf2 Ke8 25. e4 Nd7 26. e5 Be7 27. Ne4 Nb6 28. Ra7 Kd8 29. Nc3 Nd7 30. b4 c6 31. Ne4 Rc7 32. Ra6 Rb6 33. Ra2 Nb8 34. Nd6 Ra6 35. Rxa6 Nxa6 36. Ra1 Nb8 37. Ra8 Rc8 38. Nxc8 Kxc8 39. Ra7 Nd7 40. Nc5 Bxc5 41. bxc5 h5 42. h4 Kd8 43. Ke2 Kc8 44. Kd2 1-0

[Event "Utrecht OKU op 45th"]
[Site "Utrecht"]
[Date "2018.06.01"]
[Round "1"]
[White "De Groot, Pieter"]
[Black "Riemersma, Liafbern"]
[Result "0-1"]
[WhiteElo "2044"]
[BlackElo "2458"]
[PlyCount "64"]
[EventDate "2018.06.01"]
[EventType "swiss"]
[EventRounds "6"]
[EventCountry "NED"]
[SourceTitle "CBM 184 Extra"]
[Source "ChessBase"]
[SourceDate "2018.06.28"]
[SourceVersion "1"]
[SourceVersionDate "2018.06.28"]
[SourceQuality "1"]

1. d4 Nf6 2. Nf3 d5 3. c4 e6 4. e3 Be7 5. Nc3 0-0 6. Be2 dxc4 7. 0-0 a6 8. Bxc4 b5 9. Bd3 Bb7 10. Qe2 c5 11. dxc5 Bxc5 12. e4 Nbd7 13. Bg5 h6 14. Bh4 Qb8 15. Rac1 Nh5 16. Bb1 Rc8 17. Rfd1 Nf4 18. Qe1 Ne5 19. Nxe5 Qxe5 20. Bg3 g5 21. Rd7 Bc6 22. Rd2 Bd4 23. Qd1 Bb6 24. Ne2 Bxe4 25. Nxf4 Rxc1 26. Qxc1 gxf4 27. Re2 fxg3 28. Bxe4 gxf2+ 29. Kh1 Kg7 30. Qf1 Rc8 31. g3 Qg5 32. Rxf2 Bxf2 0-1

[Event "NED-chT 1718"]
[Site "Netherlands"]
[Date "2018.03.10"]
[Round "7.2"]
[White "Riemersma, Liafbern"]
[Black "Kunin, Vitaly L"]
[Result "1/2-1/2"]
[WhiteElo "2449"]
[BlackElo "2531"]
[PlyCount "66"]
[EventDate "2017.09.16"]
[EventType "team-tourn"]
[EventRounds "9"]
[EventCountry "NED"]
[SourceTitle "EXT 2019"]
[Source "ChessBase"]
[SourceDate "2018.10.10"]
[SourceVersion "1"]
[SourceVersionDate "2018.10.10"]
[SourceQuality "1"]
[WhiteTeam "BSG"]
[BlackTeam "Rotterdam Pathena"]
[WhiteTeamCountry "NED"]
[BlackTeamCountry "NED"]

1. c4 e5 2. Nc3 Nc6 3. g3 f5 4. Nf3 Nf6 5. d4 e4 6. d5 exf3 7. dxc6 bxc6 8. exf3 Bd6 9. Bd3 f4 10. Ne2 Qe7 11. Kf1 fxg3 12. hxg3 Bb7 13. Nd4 0-0-0 14. Nf5 Qf8 15. Nxd6+ Qxd6 16. Bf4 Qf8 17. Qa4 Kb8 18. Qa5 d6 19. Kg2 Nd7 20. b4 h6 21. c5 g5 22. cxd6 cxd6 23. Be3 c5 24. Be4 d5 25. bxc5 Ne5 26. Rhb1 dxe4 27. c6 Nxc6 28. Rxb7+ Kxb7 29. Rb1+ Ka8 30. Qc7 Qxf3+ 31. Kh2 Qh5+ 32. Kg2 Qf3+ 33. Kh2 Qh5+ 1/2-1/2

[Event "NED-chT 1718"]
[Site "Netherlands"]
[Date "2017.11.04"]
[Round "3.3"]
[White "Riemersma, Liafbern"]
[Black "Van Foreest, Lucas"]
[Result "0-1"]
[WhiteElo "2449"]
[BlackElo "2467"]
[PlyCount "49"]
[EventDate "2017.09.16"]
[EventType "team-tourn"]
[EventRounds "9"]
[EventCountry "NED"]
[SourceTitle "EXT 2019"]
[Source "ChessBase"]
[SourceDate "2018.10.10"]
[SourceVersion "1"]
[SourceVersionDate "2018.10.10"]
[SourceQuality "1"]
[WhiteTeam "BSG"]
[BlackTeam "SISSA"]
[WhiteTeamCountry "NED"]
[BlackTeamCountry "NED"]

1. c4 Nf6 2. Nf3 e6 3. g3 d5 4. Bg2 dxc4 5. Qa4+ Bd7 6. Qxc4 c5 7. d4 Bc6 8. 0-0 Nbd7 9. Nc3 b5 10. Qb3 b4 11. Na4 c4 12. Qd1 Qa5 13. b3 Bxa4 14. bxa4 Nd5 15. e4 Nc3 16. Qe1 Qxa4 17. d5 e5 18. Bb2 Nxa2 19. Bh3 f6 20. Bxd7+ Kxd7 21. Qe2 b3 22. Nd2 Rc8 23. Rfc1 Bd6 24. Rxc4 Rxc4 25. Nxc4 0-1

[Event "Amsterdam Science Park op-A"]
[Site "Amsterdam"]
[Date "2017.07.08"]
[Round "1"]
[White "Hoekstra, Peter"]
[Black "Riemersma, Liafbern"]
[Result "0-1"]
[WhiteElo "2098"]
[BlackElo "2452"]
[PlyCount "74"]
[EventDate "2017.07.08"]
[EventType "swiss"]
[EventRounds "9"]
[EventCountry "NED"]
[SourceTitle "CBM 179 Extra"]
[Source "ChessBase"]
[SourceDate "2017.08.23"]
[SourceVersion "1"]
[SourceVersionDate "2017.08.23"]
[SourceQuality "1"]

1. e4 c6 2. Nc3 d5 3. Nf3 Bg4 4. h3 Bxf3 5. Qxf3 e6 6. d4 dxe4 7. Qxe4 Nf6 8. Qe3 Be7 9. Bd3 0-0 10. 0-0 Nbd7 11. Re1 Re8 12. Ne4 e5 13. Nxf6+ Bxf6 14. Qe4 g6 15. Bh6 exd4 16. Qf4 Qa5 17. Re4 Rxe4 18. Qxe4 Qe5 19. Qg4 Qe7 20. Bd2 Ne5 21. Qe2 Re8 22. Re1 Nxd3 23. Qxd3 Qd7 24. Re4 Kg7 25. Rxe8 Qxe8 26. Qf3 Qe5 27. Bf4 Qe1+ 28. Kh2 Be5 29. Bxe5+ Qxe5+ 30. g3 h5 31. Kg2 Qf5 32. Qb3 Qe4+ 33. Kg1 c5 34. h4 Qc6 35. a4 c4 36. Qa3 Qd5 37. a5 Kh7 0-1

[Event "Amsterdam Science Park op-A"]
[Site "Amsterdam"]
[Date "2016.07.17"]
[Round "9"]
[White "Riemersma, Liafbern"]
[Black "Visser, Henk Jan"]
[Result "1-0"]
[WhiteElo "2449"]
[BlackElo "2276"]
[PlyCount "39"]
[EventDate "2016.07.09"]
[EventType "swiss"]
[EventRounds "9"]
[EventCountry "NED"]
[SourceTitle "CBM 173 Extra"]
[Source "ChessBase"]
[SourceDate "2016.08.29"]
[SourceVersion "1"]
[SourceVersionDate "2016.08.29"]
[SourceQuality "1"]

1. Nf3 d5 2. c4 c6 3. g3 Bg4 4. Ne5 Be6 5. Bg2 dxc4 6. Qc2 Qd4 7. Nf3 Qd5 8. Nc3 Qa5 9. Ne4 f6 10. 0-0 Nd7 11. d3 cxd3 12. exd3 Bd5 13. Bd2 Qa6 14. Rfe1 e6 15. d4 Rd8 16. Nc3 Kf7 17. Nxd5 cxd5 18. Bh3 Re8 19. Qc7 Qd6 20. Qxb7 1-0

[Event "Amsterdam Science Park op-A"]
[Site "Amsterdam"]
[Date "2016.07.15"]
[Round "7"]
[White "Kunin, Vitaly L"]
[Black "Riemersma, Liafbern"]
[Result "1/2-1/2"]
[WhiteElo "2592"]
[BlackElo "2449"]
[PlyCount "73"]
[EventDate "2016.07.09"]
[EventType "swiss"]
[EventRounds "9"]
[EventCountry "NED"]
[SourceTitle "CBM 173 Extra"]
[Source "ChessBase"]
[SourceDate "2016.08.29"]
[SourceVersion "1"]
[SourceVersionDate "2016.08.29"]
[SourceQuality "1"]

1. Nf3 Nf6 2. g3 d5 3. Bg2 Bg4 4. 0-0 Nbd7 5. c4 e6 6. cxd5 exd5 7. d3 Bd6 8. Nc3 0-0 9. h3 Bxf3 10. Bxf3 c6 11. Bg2 Re8 12. Qc2 Nc5 13. e4 dxe4 14. dxe4 Be5 15. Be3 Qd3 16. Rac1 Qxc2 17. Rxc2 Bxc3 18. Bxc5 Ba5 19. Re2 Bb6 20. Bb4 Rad8 21. Rfe1 Nd7 22. Kf1 Ne5 23. Bc3 f6 24. Rc2 g5 25. Rd2 Rxd2 26. Bxd2 Rd8 27. Bc3 Kf7 28. Ke2 h5 29. f4 gxf4 30. gxf4 Nd3 31. Rf1 Rg8 32. Kxd3 Rxg2 33. Rd1 Ke7 34. Bb4+ Ke8 35. Bc3 Ke7 36. Bb4+ Ke8 37. Bc3 1/2-1/2

[Event "Amsterdam Science Park op-A"]
[Site "Amsterdam"]
[Date "2016.07.14"]
[Round "6"]
[White "Riemersma, Liafbern"]
[Black "Marzano, Carlo"]
[Result "1-0"]
[WhiteElo "2449"]
[BlackElo "2186"]
[PlyCount "55"]
[EventDate "2016.07.09"]
[EventType "swiss"]
[EventRounds "9"]
[EventCountry "NED"]
[SourceTitle "CBM 173 Extra"]
[Source "ChessBase"]
[SourceDate "2016.08.29"]
[SourceVersion "1"]
[SourceVersionDate "2016.08.29"]
[SourceQuality "1"]

1. d4 d5 2. Nf3 Nf6 3. c4 c6 4. g3 e6 5. Bg2 dxc4 6. 0-0 b5 7. Ne5 Bb7 8. a4 a6 9. axb5 axb5 10. Rxa8 Bxa8 11. Nc3 Nd5 12. e4 Nxc3 13. bxc3 Be7 14. Qg4 0-0 15. Bh6 Bf6 16. Ra1 Bb7 17. Nxc4 bxc4 18. e5 Nd7 19. exf6 Qxf6 20. Bf4 Ba8 21. Ra7 Nb6 22. Be4 Nd5 23. Bg5 c5 24. Bxd5 Qg6 25. Rxa8 Rxa8 26. Bxa8 cxd4 27. Bf3 dxc3 28. Qxc4 1-0

[Event "Amsterdam Science Park op-A"]
[Site "Amsterdam"]
[Date "2015.07.19"]
[Round "9"]
[White "Hopman, Pieter"]
[Black "Riemersma, Liafbern"]
[Result "0-1"]
[WhiteElo "2390"]
[BlackElo "2432"]
[PlyCount "56"]
[EventDate "2015.07.11"]
[EventType "swiss"]
[EventRounds "9"]
[EventCountry "NED"]
[SourceTitle "CBM 167 Extra"]
[Source "ChessBase"]
[SourceDate "2015.09.14"]
[SourceVersion "1"]
[SourceVersionDate "2015.09.14"]
[SourceQuality "1"]

1. d4 Nf6 2. c4 e6 3. Nc3 Bb4 4. Qc2 c5 5. dxc5 0-0 6. a3 Bxc5 7. Nf3 b6 8. Bf4 Bb7 9. Rd1 Nh5 10. Bc1 a6 11. g3 Qc7 12. Bg2 Be7 13. 0-0 Nf6 14. Rd4 Nc6 15. Rh4 Rac8 16. g4 g6 17. Rd1 Ne5 18. Nxe5 Bxg2 19. Bf4 d6 20. Bh6 Be4 21. Qd2 dxe5 22. Bxf8 Rxf8 23. g5 Rd8 24. Qc1 Bf5 25. Rxd8+ Qxd8 26. gxf6 Bxf6 27. Re4 Bg5 28. Qe1 Bd2 0-1

[Event "Amsterdam Science Park op-A"]
[Site "Amsterdam"]
[Date "2015.07.17"]
[Round "7"]
[White "Jonkman, Harmen"]
[Black "Riemersma, Liafbern"]
[Result "1-0"]
[WhiteElo "2425"]
[BlackElo "2432"]
[PlyCount "105"]
[EventDate "2015.07.11"]
[EventType "swiss"]
[EventRounds "9"]
[EventCountry "NED"]
[SourceTitle "CBM 167 Extra"]
[Source "ChessBase"]
[SourceDate "2015.09.14"]
[SourceVersion "1"]
[SourceVersionDate "2015.09.14"]
[SourceQuality "1"]

1. e4 c6 2. d4 d5 3. Nd2 dxe4 4. Nxe4 Bf5 5. Ng3 Bg6 6. h4 h6 7. Nf3 e6 8. h5 Bh7 9. Bd3 Bxd3 10. Qxd3 Nf6 11. Bd2 c5 12. 0-0-0 Nc6 13. Be3 Qa5 14. Kb1 0-0-0 15. c3 Kb8 16. Bf4+ Bd6 17. Bxd6+ Rxd6 18. Ne4 Nxe4 19. Qxe4 Rhd8 20. Ne5 Nxe5 21. Qxe5 f6 22. Qg3 Qc7 23. Rh4 cxd4 24. Rdxd4 Rxd4 25. Qxc7+ Kxc7 26. cxd4 f5 27. Kc2 Kc6 28. Kd3 e5 29. Ke3 f4+ 30. Ke4 exd4 31. Kd3 f3 32. g3 Re8 33. Re4 Rxe4 34. Kxe4 Kc5 35. Kxf3 Kc4 36. Ke2 a5 37. f4 a4 38. g4 d3+ 39. Kd2 Kd4 40. g5 Ke4 41. g6 Kxf4 42. Kxd3 Ke5 43. Kc4 Ke4 44. Kc5 Ke5 45. b4 axb3 46. axb3 Ke6 47. Kb6 Kf5 48. Kxb7 Kg5 49. Kc8 Kxh5 50. b4 Kxg6 51. b5 h5 52. b6 h4 53. b7 1-0

[Event "NED-chT 1415"]
[Site "Netherlands"]
[Date "2015.03.07"]
[Round "6.4"]
[White "Nikolic, Predrag"]
[Black "Riemersma, Liafbern"]
[Result "1-0"]
[WhiteElo "2602"]
[BlackElo "2432"]
[PlyCount "109"]
[EventDate "2014.09.27"]
[EventType "team-tourn"]
[EventRounds "9"]
[EventCountry "NED"]
[SourceTitle "EXT 2016"]
[Source "ChessBase"]
[SourceDate "2015.10.08"]
[SourceVersion "1"]
[SourceVersionDate "2015.10.08"]
[SourceQuality "1"]
[WhiteTeam "Leiden LSG"]
[BlackTeam "BSG"]
[WhiteTeamCountry "NED"]
[BlackTeamCountry "NED"]

1. d4 Nf6 2. c4 e6 3. Nf3 d5 4. Bg5 Be7 5. e3 0-0 6. Nc3 h6 7. Bxf6 Bxf6 8. Rc1 c6 9. a3 Nd7 10. h3 Re8 11. Qc2 e5 12. Rd1 exd4 13. Nxd4 c5 14. Nf3 d4 15. Nd5 Nb6 16. Nxf6+ Qxf6 17. Be2 Bf5 18. Qc1 Rad8 19. Rd2 dxe3 20. fxe3 Rxd2 21. Qxd2 Qe6 22. Kf2 Nxc4 23. Bxc4 Qxc4 24. Rc1 Qb5 25. b4 cxb4 26. axb4 Qb6 27. Qd4 Qxd4 28. Nxd4 Be4 29. Rc7 h5 30. g4 hxg4 31. hxg4 g6 32. Nb5 Re6 33. Nxa7 Rf6+ 34. Ke2 Ra6 35. Nc8 Ra2+ 36. Ke1 Rb2 37. Nd6 Rxb4 38. g5 Rb1+ 39. Kf2 Rb2+ 40. Kg3 Rg2+ 41. Kh3 Rc2 42. Rxf7 Rc3 43. Re7 Bc6 44. Kg3 Rd3 45. Re6 Kg7 46. Kf4 b5 47. e4 b4 48. Nc4 Bd7 49. Rb6 Rd4 50. Nd6 Rd3 51. Ke5 Kf8 52. Kf6 Rf3+ 53. Kxg6 b3 54. Rb8+ Ke7 55. Nf5+ 1-0

[Event "NED-chT 1314"]
[Site "Netherlands"]
[Date "2014.05.12"]
[Round "9.3"]
[White "Lammens, Tim"]
[Black "Riemersma, Liafbern"]
[Result "0-1"]
[WhiteElo "2317"]
[BlackElo "2437"]
[PlyCount "106"]
[EventDate "2013.09.21"]
[EventType "team-tourn"]
[EventRounds "9"]
[EventCountry "NED"]
[SourceTitle "EXT 2015"]
[Source "ChessBase"]
[SourceDate "2014.11.20"]
[SourceVersion "1"]
[SourceVersionDate "2014.11.20"]
[SourceQuality "1"]
[WhiteTeam "ESG Max Euwe"]
[BlackTeam "BSG"]
[WhiteTeamCountry "NED"]
[BlackTeamCountry "NED"]

1. d4 Nf6 2. c4 e6 3. Nf3 d5 4. cxd5 exd5 5. Qc2 Na6 6. a3 c6 7. Nc3 Nc7 8. Bf4 Be7 9. e3 0-0 10. Bd3 Ne6 11. Be5 g6 12. h4 Ng7 13. 0-0-0 Bg4 14. e4 Rc8 15. Qd2 dxe4 16. Nxe4 Nxe4 17. Bxe4 f6 18. Bf4 Qd7 19. Kb1 Bf5 20. Bxf5 Qxf5+ 21. Ka1 Rcd8 22. Bh6 Rf7 23. Bxg7 Kxg7 24. h5 g5 25. Rhe1 Bf8 26. Re3 Rfd7 27. Rd3 Kg8 28. Nh2 Qf4 29. Qxf4 gxf4 30. g4 fxg3 31. fxg3 Rg7 32. Rf1 Rd5 33. Rf4 f5 34. Nf1 Bd6 35. Rff3 Rb5 36. Ka2 Rg5 37. h6 Kf7 38. Rb3 Kg6 39. Rxb5 cxb5 40. d5 Kxh6 41. Ne3 Kg6 42. Nf1 Rg4 43. Re3 Re4 44. Rd3 Kf6 45. Ne3 Ke5 46. Kb1 a5 47. Rc3 b4 48. axb4 Bxb4 49. Rd3 Bc5 50. Ng2 Rd4 51. Rc3 Bd6 52. Rf3 Rxd5 53. Ne3 Ke4 0-1

[Event "Tata Steel-C 76th"]
[Site "Wijk aan Zee"]
[Date "2014.01.26"]
[Round "9"]
[White "Riemersma, Liafbern"]
[Black "Hopman, Pieter"]
[Result "1-0"]
[WhiteElo "2429"]
[BlackElo "2346"]
[PlyCount "69"]
[EventDate "2014.01.17"]
[EventType "tourn"]
[EventRounds "9"]
[EventCountry "NED"]
[EventCategory "5"]
[SourceTitle "CBM 158 Extra"]
[Source "ChessBase"]
[SourceDate "2014.02.28"]
[SourceVersion "1"]
[SourceVersionDate "2014.02.28"]
[SourceQuality "1"]

1. d4 d6 2. e4 Nf6 3. f3 d5 4. e5 Nfd7 5. f4 c5 6. Nf3 Nc6 7. c4 cxd4 8. cxd5 Qa5+ 9. Qd2 Qxd5 10. Nc3 Qc5 11. Nb5 Qb6 12. e6 fxe6 13. Nfxd4 Nxd4 14. Qxd4 Qxd4 15. Nxd4 Nb6 16. g3 g6 17. Bh3 Kf7 18. Nf3 h6 19. Ne5+ Kg7 20. b3 Kh7 21. Bb2 Bg7 22. 0-0-0 Nd5 23. Rhe1 b5 24. Bf1 a6 25. Bd3 Bxe5 26. Rxe5 Nf6 27. h4 Kg7 28. g4 Kf7 29. g5 Ng4 30. h5 Nxe5 31. Bxe5 Rg8 32. gxh6 Bb7 33. h7 Rgc8+ 34. Kb2 gxh5 35. Rg1 1-0